Central Library OPAC University of Rajshahi

ইসলাম ও আধুনিক অর্থনৈতিক মতবাদ / (Record no. 47098)

MARC details
000 -LEADER
fixed length control field 00841nam a2200217 a 4500
001 - CONTROL NUMBER
control field 47098
003 - CONTROL NUMBER IDENTIFIER
rucl marc code BD-RjUL
005 - DATE AND TIME OF LATEST TRANSACTION
control field 20211209054247.0
008 - FIXED-LENGTH DATA ELEMENTS--GENERAL INFORMATION
fixed length control field 160807m1979 bg ||||| |||| 00| 0 ben d
035 ## - SYSTEM CONTROL NUMBER
System control number (BD-RjUL)47217
040 ## - CATALOGING SOURCE
Original cataloging agency BD-RjUL
Language of cataloging ben
Transcribing agency BD-RjUL
041 ## - LANGUAGE CODE
Language code of text/sound track or separate title ben
082 ## - DEWEY DECIMAL CLASSIFICATION NUMBER
Edition number 23
Classification number B 297.273
Author mark and year MOI 1979
100 ## - MAIN ENTRY--PERSONAL NAME
Personal name মওদূদী, সাইয়েদ আবুল আ'লা.
9 (RLIN) 123985
245 ## - TITLE STATEMENT
Title ইসলাম ও আধুনিক অর্থনৈতিক মতবাদ /
Statement of responsibility, etc. সাইয়েদ আবুল আ'লা মওদূদী.
260 ## - PUBLICATION, DISTRIBUTION, ETC. (IMPRINT)
Place of publication, distribution, etc. ঢাকা :
Name of publisher, distributor, etc. আধুনিক প্রকাশনী,
Date of publication, distribution, etc. ১৯৭৯.
300 ## - PHYSICAL DESCRIPTION
Pagination ৯৮ পৃ. ;
Size ২০ সেমি.
650 ## - SUBJECT ADDED ENTRY--TOPICAL TERM
Topical term or geographic name as entry element ইসলাম
General subdivision অর্থনীতি
9 (RLIN) 143433
Topical term or geographic name as entry element Islam
General subdivision Economics
9 (RLIN) 143434
942 ## - ADDED ENTRY ELEMENTS (KOHA)
Source of classification or shelving scheme Dewey Decimal Classification
Koha item type Books
Holdings
Lost status Source of classification or shelving scheme Damaged status Not for loan Collection code Permanent Location Current Location Shelving location Date acquired Source of acquisition Cost, normal purchase price Total Checkouts Full call number Date last seen Copy number Koha item type
  Dewey Decimal Classification     Non-fiction Central Library, University of Rajshahi Central Library, University of Rajshahi   01/06/1982 Islami Sahitta Bitan, Rajshahi 7.00   B 297.273 MOI 1979 07/08/2016 C-2 Books
  Dewey Decimal Classification     Non-fiction Central Library, University of Rajshahi Central Library, University of Rajshahi   01/06/1982 Islami Sahitta Bitan, Rajshahi 7.00   B 297.273 MOI 1979 07/08/2016 C-3 Books
  Dewey Decimal Classification   Not For Loan Non-fiction Central Library, University of Rajshahi Central Library, University of Rajshahi Reading Room 17/03/1981 Author     B 297.273 MOI 1979 29/12/2016 C-1 Books
  Dewey Decimal Classification     Non-fiction Central Library, University of Rajshahi Central Library, University of Rajshahi General Stacks 29/11/1980       B 297.273 MOI 1979 13/05/2024 C-1 Books